越南历史时期 Historical Period of Vietnam - Statistics

General Stats
  • This quiz has been taken 49 times
  • The average score is 9 of 18
Answer Stats
起始时间 结束时间 时代 % Correct
1802年 1883年 阮朝独立时期
88%
前214年 40年 第一次北属时期
83%
43年 544年 第二次北属时期
83%
1407年 1427年 第四次北属时期
79%
1883年 1945年 法属时期
74%
602年 939年 第三次北属时期
71%
1225年 1400年 陈朝
71%
1428年 1527年 后黎朝
55%
968年 980年 丁朝
52%
1009年 1225年 李朝
52%
980年 1009年 前黎朝
45%
1789年 1802年 西山朝
40%
1400年 1407年 胡朝
36%
939年 968年 吴朝
31%
40年 43年 二征起义
17%
1592年 1789年 郑阮纷争
17%
1527年 1592年 南北朝
14%
544年 602年 前李朝
7%
No matching quizzes found
Score Distribution
Percent of People with Each Score
Percentile by Number Answered
Your Score History
You have not taken this quiz